000 00686nam a2200241Ia 4500
003 OSt
005 20220930065014.0
006 a|||||r|||| 00| 0
007 ta
008 220926b |||||||| |||| 00| 0 eng d
024 _a4998
037 _cTheses
040 _aCRL
_cCRL
_beng
041 _2eng
_aeng
100 _aNihal Chand
_9525281
110 _aUniversity of Delhi. Faculty of Arts. Department of Persian
_9520241
245 0 _aAbul Fazl's contribution to persian prose
260 _c1979
650 _aPERSIAN LANGUAGE
700 _aUniversity of Delhi. Faculty of Arts. Department of Persian
_9520242
942 _cDIS
_2CC
999 _c858959
_d858959